000 00593nam a2200229Ia 4500
003 OSt
005 20221005114727.0
006 a|||||r|||| 00| 0
007 ta
008 221004b |||||||| |||| 00| 0 ben d
024 _a8979
037 _cTextual
040 _aCRL
_cCRL
_bben
041 _2ben
_aben
082 _aO157:gN7, N3
100 _aRafikul Islam
_9626422
245 0 _aBangladesher sahity bhasha andolon o mukti juddha
260 _c1993
650 _aBENGALI LITERATURE
942 _hO157:gN7, N3
_cTEXL
_2cc
999 _c1032188
_d1032188